Secrets of Eden : a novel / Chris Bohjalian.
After the murder of Alice Hayward and the suicide of her husband, Reverend Stephen Drew flees the pulpit and is saved from despair only by a meeting with Heather Laurent, the author of wildly successful, inspirational books about angels. Heather, identifying deeply with Alice's daughter, Katie, mentors the young girl but soon suspects that Alice's husband may not have killed himself ... and that Alice had secrets only her minister knew.
Record details
- ISBN: 9780307394972 (hardcover)
- ISBN: 0307394972 (hardcover)
- Physical Description: 370 pages ; 24 cm.
- Edition: 1st edition
- Publisher: New York : Shaye Areheart Books, c2010.
Search for related items by subject
| Subject: | Murder victims > Fiction. Murder victims' families > Fiction. Clergy > Fiction. Psychological fiction. |
Available copies
- 1 of 1 copy available at scottsboropl.
Holds
- 0 current holds with 1 total copy.
Show Only Available Copies
| Location | Call Number / Copy Notes | Barcode | Shelving Location | Status | Due Date |
|---|---|---|---|---|---|
| scottsboropl | F Boh | 32269000846058 | Adult - Fiction | Available | - |
| LDR | 01357cam a2200289 a 4500 | ||
|---|---|---|---|
| 001 | 132014 | ||
| 003 | CONS | ||
| 005 | 20140703073306.0 | ||
| 008 | 090611s2010 nyu 000 1 eng d | ||
| 010 | . | ‡a 2009023946 | |
| 020 | . | ‡a9780307394972 (hardcover) | |
| 020 | . | ‡a0307394972 (hardcover) | |
| 035 | . | ‡a(CPomAG)LMN503255 | |
| 050 | 0 | 0. | ‡aPS3552.O495 ‡bS43 2010 |
| 082 | 0 | 0. | ‡a813/.54 ‡222 |
| 100 | 1 | . | ‡aBohjalian, Chris, ‡d1960- |
| 245 | 1 | 0. | ‡aSecrets of Eden : ‡ba novel / ‡cChris Bohjalian. |
| 250 | . | ‡a1st edition | |
| 260 | . | ‡aNew York : ‡bShaye Areheart Books, ‡cc2010. | |
| 300 | . | ‡a370 pages ; ‡c24 cm. | |
| 520 | . | ‡aAfter the murder of Alice Hayward and the suicide of her husband, Reverend Stephen Drew flees the pulpit and is saved from despair only by a meeting with Heather Laurent, the author of wildly successful, inspirational books about angels. Heather, identifying deeply with Alice's daughter, Katie, mentors the young girl but soon suspects that Alice's husband may not have killed himself ... and that Alice had secrets only her minister knew. | |
| 650 | 0. | ‡aMurder victims ‡vFiction. | |
| 650 | 0. | ‡aMurder victims' families ‡vFiction. | |
| 650 | 0. | ‡aClergy ‡vFiction. | |
| 650 | 0. | ‡aPsychological fiction. | |
| 959 | . | ‡i32269000846058 ‡lF Boh ‡aAdult - Fiction ‡tFiction ‡g25.00 | |
| 852 | . | ‡p32269000846058 ‡jF Boh ‡gAdult - Fiction ‡cFiction ‡y25.00 ‡bSBPL | |
| 901 | . | ‡a132014 ‡bUnknown ‡c132014 ‡tbiblio | |